Statistics for Artists That Have Worked with Lil Wayne

Click here to take the quiz!

General Stats

  • This quiz has been taken 5 times
  • The average score is 15 of 115

Answer Stats

Artist% Correct
Eminem
100%
Kanye West
100%
Nicki Minaj
100%
Jay-Z
60%
Juicy J
60%
Kendrick Lamar
60%
Rick Ross
60%
DaBaby
40%
DMX
40%
Jadakiss
40%
Nas
40%
Snoop Dogg
40%
Ariana Grande
20%
Benny the Butcher
20%
Big Sean
20%
Birdman
20%
B.o.B.
20%
Busta Rhymes
20%
Conway the Machine
20%
Fabolous
20%
Fat Joe
20%
French Montana
20%
Future
20%
Jack Harlow
20%
Jessie Reyez
20%
JID
20%
John Legend
20%
Joyner Lucas
20%
Kiiara
20%
Krizz Kaliko
20%
KSI
20%
Labrinth
20%
Lil B
20%
Lil Baby
20%
Lil Tecca
20%
Lil Uzi Vert
20%
Limp Bizkit
20%
Logic
20%
Machine Gun Kelly
20%
Polo G
20%
Q-Tip
20%
Royce Da 5'9
20%
Run the Jewels
20%
Shakira
20%
Slick Rick
20%
Swizz Beatz
20%
Takeoff
20%
Talib Kweli
20%
Tech N9ne
20%
T.I.
20%
T-Pain
20%
Westside Gunn
20%
2 Chainz
0%
Ace Hood
0%
August Alsina
0%
Avant
0%
Bebe Rexha
0%
Big Freedia
0%
Big Scoob
0%
Bobby V
0%
Calboy
0%
Chance the Rapper
0%
Charlie Puth
0%
Chris Brown
0%
Ciara
0%
Cordae
0%
Cory Gunz
0%
Diplo
0%
DJ Premier
0%
Doja Cat
0%
Eladio Carron
0%
Enrique Iglesias
0%
Forever M.C.
0%
Gorilla Zoe
0%
Imagine Dragons
0%
Jay Rock
0%
Jay Sean
0%
Joe Budden
0%
Jon Batiste
0%
Juvenile
0%
Kehlani
0%
Kelly Rowland
0%
Kenny Mason
0%
Keri Hilson
0%
Kevin Rudolf
0%
Keyshia Cole
0%
Khalid
0%
Lil Pump
0%
Lil Tune
0%
Lil Twist
0%
Mannie Fresh
0%
Meek Mill
0%
Melli
0%
Mike Posner
0%
Monica
0%
Mumu Fresh
0%
Papoose
0%
Ray J
0%
Remy Ma
0%
Rich Homie Quan
0%
Rich the Kid
0%
Robin Thicke
0%
Romeo Santos
0%
Sia
0%
Static
0%
Tank
0%
The Game
0%
Tory Lanez
0%
Travis Barker
0%
Tyga
0%
Tyler, The Creator
0%
Wale
0%
YG
0%
Yo Gotti
0%
Young Thug
0%

Score Distribution

Percentile by Number Answered

Percent of People with Each Score

Your Score History

You have not taken this quiz